000 00900nam a2200313 a 4500
003 AR-BaBNM
005 20251128205646.0
008 082120s2002 ||||||||||||||000 | spa||
020 _a84-7100-594-8
040 _cAR-BaBNM
100 1 _aSantos, Ricardo Evaristo dos
245 0 0 _aEl Brasil filipino
_b60 años de presencia española en Brasil [1580-1640]
260 _aMadrid
_bMapfre
_c1993
300 _a263 p.
_bil., láms., mapas
490 0 _aRealidades americanas
_vV. 15
500 _aApéndices p. 201-251
504 _aBibliografía p. 253
650 4 _aHISTORIA POLITICA
650 4 _aHISTORIA MILITAR
650 4 _aHISTORIA CULTURAL
650 4 _aHISTORIA SOCIAL
650 4 _aPERIODO HISPANICO
651 4 _aPortugal
651 4 _aBrasil
700 1 _aMerlino, Mario
_etraductor
800 1 _aGallego, José Andrés
_ecoordinador
942 _cBK
998 _cMariana
999 _c12277
_d12277